|
|
|
|
| LEADER |
00000nab a2200000 a 4500 |
| 001 |
vtls000679379 |
| 003 |
SK-MaSNL |
| 005 |
20260304094828.0 |
| 008 |
250425c1998 xo 0 slo |
| 015 |
|
|
|a SNBRB1998/12-31638
|
| 035 |
|
|
|a CLN000031547
|
| 035 |
|
|
|a urn:nbn:sk:snk-abbs83
|
| 035 |
|
|
|a (urnnbn)urn:nbn:sk:snk:ar-004p3z
|
| 035 |
|
|
|a (uuid)6ba2d098-ea48-43d7-ad61-121490572127
|
| 040 |
|
|
|a SNKBUCL
|b slo
|c SNKBUCL
|e AACR2
|
| 041 |
0 |
|
|a slo
|
| 044 |
|
|
|a xo
|c SK
|
| 080 |
|
|
|a 82:929:894.511
|2 1997
|
| 080 |
|
|
|a 894.511:929
|2 1997
|
| 080 |
|
|
|a 929 Závada, Pál
|2 1997
|
| 100 |
1 |
|
|a Deáková, Renáta,
|d 1968-
|4 aut
|9 101122
|
| 245 |
1 |
0 |
|a V trojitom zrkadlení
|c Renáta Deáková
|
| 600 |
1 |
7 |
|a Závada, Pál,
|d 1954-
|2 snkbucl
|9 211908
|
| 655 |
|
7 |
|a články z novín a časopisov
|2 snkbucl
|9 267496
|
| 773 |
0 |
|
|t Revue svetovej literatúry
|g Roč. 34, č. 3 (1998), s. 3-4
|x 0231-6269
|
| 850 |
|
|
|a Slovenská národná knižnica
|
| 852 |
|
|
|a Slovenská národná knižnica
|
| 958 |
|
|
|a article15
|
| 958 |
|
|
|a LX
|
| 958 |
|
|
|a HU
|
| 958 |
|
|
|a BC
|
| 958 |
|
|
|a OND
|
| 958 |
|
|
|a EUIPO
|
| 992 |
|
|
|a RBX
|
| 999 |
|
|
|c 2829178
|d 2831108
|